000 00573nam a2200205Ii 4500
003 JO-AjNU
008 230606s9999||||xx |||||||||||||| ||und||
020 _a81-203-2853-1
040 _aJO-AjNU
_beng
_erda
_cJO-AjNU
041 _aeng
050 1 4 _aHD55.2006
100 3 _aBOSE,CHANDRA,
_eauthor
_91262
245 0 0 _aINVENTORY MANAGEMENT
264 3 1 _aNew Delhi:Prentice Hall of India Private Limited,2006
300 _a155p
336 _atext
_btxt
_2rdacontent
337 _aunmediated
_bn
_2rdamedia
338 _avolume
_bnc
_2rdacarrier
650 4 _aMANAGEMENT
_91263
999 _aE665
_c665
_d665